Dead Rappers - Statistics

General Stats
  • This quiz has been taken 216 times
  • The average score is 8 of 9
Answers on the Grid
Answers color-coded by a green-red scale on the quiz's grid according to % correct below.
lil loaded
pop smoke
Lil wayne
chris rock
Kanye west
King von
lil Uzi Vert
Kai Cenat
Juice World
Tupac
Nate Dogg
Eminem
Ice Cube
XXXTentacion
Lil Baby
B.I.G.
Eazy-E
 
Answer Stats
Answer % Correct
Tupac
93%
pop smoke
91%
B.I.G.
89%
Juice World
89%
XXXTentacion
89%
King von
82%
lil loaded
79%
Eazy-E
78%
Nate Dogg
72%
No matching quizzes found
Score Distribution
Percent of People with Each Score
Percentile by Number Answered
Your Score History
You have not taken this quiz